1798 1013 1235 1671 1915 1079 1230 1634 1060 1107 1390 1855 1450 1288 1128 1636 1877 1237 1308 1189 1220 1208 1053 1391 1781 1564 1144 1514 1774 1234 1284 1828 1519 1272 1973 1048 1730 1642 1099 1898 1532 1049 1880 1271 1366 1555 1375 1811 1447 1721 1543 1611 1027 1055 1286 1005 1414 1495 1619 1947 1271 1636 1884 1541 1529 1750 1032 1345 1614 1186 1353 1719 1246 1060 1980 1851 1508 1897 1933 1723 1701 1534 1834 1793 1279 1348 1170 1399 1280 1282 1467 1509 1620 1368 1845 1013 1563 1277 1426 BCNSPRNW ULIB Ver.6.0+V

เปลี่ยนเป็นภาษาไทย

Change to English
 แสดงรายละเอียดบรรณานุกรม
  กลับหน้าหลัก

Brief Record : Get Marc (ISO 2709) : E-mail record : QR code < ปิดหน้าต่าง
LEADER : 00000nam 2200000uu 4500
001    13399110464
003     ULIB
008    110601s2544||||th 000 0 tha d
020    9740500072
060 04 WO200^bก499ก 2544
245 00 การระงับความรู้สึกผู้ป่วยโรคต่อมไร้ท่อ =^bAnesthesia forpatients with endocrine disease /^cจริยา เลิศอรรฆยมณี, ทรงยศ วลัยฤาชา, บรรณาธิการ
246 31 Anesthesia for patients with endocrine disease
250    ฉบับพิมพ์ครั้งที่ 1
260    กรุงเทพฯ :^bเรือนแก้ว,^c2544
300    201 หน้า ;^c27 ซม.
650  7 ต่อมไร้ท่อ, โรค
650  7 ระงับความรู้สึก
653    ผลงานอาจารย์คณะแพทยศาสตร์ศิริราชพยาบาล
700 0  จริยา เลิศอรรฆยมณี,^eบรรณาธิการ
700 0  ทรงยศ วลัยฤาชา,^eบรรณาธิการ
945    ^p200^l0^i015165
945    ^p200^l0^i014989
945    ^p200^l0^i014988
945    ^p200^l0^i014987
945    ^p200^l0^i014986
945    ^p200^l0^i014984
945    ^p200^l0^i015164
945    ^p200^l0^i014985
995    ทศพร
999 ^a ใช้งานได้ทุกระบบ
รายการนี้ยังไม่มีแท็ก
คุณยังไม่ได้ล็อกอิน คุณสามารถมีกิจกรรมร่วมกับเว็บไซต์ได้ แต่ต้องล็อกอินก่อน ::
  ล็อกอิน

รายการสื่อสารสนเทศ

ลำดับที่ ประเภท เลขเรียก/บาร์โค้ด สถานที่ สถานะ
- ไม่พบข้อมูล -

รายการใกล้เคียง
    หัวเรื่อง [ต่อมไร้ท่อ, โรค]
    หัวเรื่อง [ระงับความรู้สึก]

BibComment


ยังไม่เคยถูกคอมเมนท์

คอมเมนท์ทรัพยากรรายการนี้
  คอมเมนท์: การระงับความรู้สึ..


 Copyright 2026. Bcnsprnw @Library